000
00278nam a2200121Ia 4500
008
190216s9999||||xx |||||||||||||| ||und||
100
_a
Shokat Tanvi
245
0
_a
Hindi-Vo I Bajee Sahahnai
260
_b
Guruji Sahithya
_c
2010
300
_a
208
650
_a
Hindi
942
_c
BK
999
_c
16804
_d
16804